[Event "New York Heraldica"]
[Site "New York"]
[Date "1980.05.14"]
[Round "4"]
[White "Shamkovich, Leonid Alexandrovic"]
[Black "Piasetski, Leon"]
[Result "1-0"]
[WhiteElo "2515"]
[BlackElo "2420"]
[PlyCount "77"]
[GameId "1114898205782016"]
[EventDate "1980.05.11"]
[EventType "tourn"]
[EventRounds "11"]
[EventCountry "USA"]
[EventCategory "8"]
[SourceTitle "EXT 2004"]
[Source "ChessBase"]
[SourceDate "2003.11.25"]
[SourceVersion "1"]
[SourceVersionDate "2003.11.25"]
[SourceQuality "1"]

1. c4 g6 2. Nc3 Bg7 3. d4 d6 4. e4 a6 5. Be3 c6 6. a4 Nf6 7. f3 O-O 8. Bd3 Re8 9. Nge2 e5 10. d5 a5 11. Qd2 h5 12. O-O Na6 13. Rad1 c5 14. Nb5 Nh7 15. f4 exf4 16. Bxf4 Be5 17. Bxe5 dxe5 18. Rf2 Kg7 19. Rdf1 Rf8 20. Nec3 Nc7 21. Nxc7 Qxc7 22. Be2 Ra6 23. Nb5 Qd8 24. d6 Bd7 25. Qd5 f6 26. Qxb7 Rb6 27. Qa7 Ng5 28. Bf3 Nf7 29. Rd2 Bxb5 30. axb5 Rxd6 31. Rxd6 Qxd6 32. Rd1 Qe6 33. Rd5 Kh6 34. Qxc5 Rc8 35. Qe3+ g5 36. c5 Kg6 37. Be2 g4 38. Qf2 Ng5 39. Rd6 1-0

[Event "New York Heraldica"]
[Site "New York"]
[Date "1980.??.??"]
[Round "5"]
[White "Piasetski, Leon"]
[Black "Dzindzichashvili, Roman"]
[Result "0-1"]
[WhiteElo "2420"]
[BlackElo "2570"]
[PlyCount "80"]
[GameId "1114898205798400"]
[EventDate "1980.05.11"]
[EventType "tourn"]
[EventRounds "11"]
[EventCountry "USA"]
[EventCategory "8"]
[SourceTitle "EXT 2004"]
[Source "ChessBase"]
[SourceDate "2003.11.25"]
[SourceVersion "1"]
[SourceVersionDate "2003.11.25"]
[SourceQuality "1"]

1. e4 c5 2. Nf3 e6 3. c3 d5 4. exd5 Qxd5 5. d4 Nf6 6. a3 Nc6 7. Bd3 cxd4 8. cxd4 Be7 9. Nc3 Qd6 10. O-O O-O 11. Bc2 Rd8 12. Be3 b6 13. Qd3 Bb7 14. Rad1 g6 15. Rfe1 Rac8 16. Qe2 Nd5 17. Ne4 Qc7 18. Bb1 Nf6 19. Neg5 Bf8 20. Ba2 h6 21. Nxf7 Kxf7 22. Bxe6+ Kg7 23. Qd2 Kh7 24. Bf4 Qg7 25. Re3 Bd6 26. Bxd6 Rxd6 27. Bxc8 Bxc8 28. h3 Nd5 29. Ree1 Be6 30. Ne5 Nxe5 31. dxe5 Rd8 32. Re4 Rf8 33. Rd4 Ne7 34. Rd6 Qf7 35. Rc1 Nd5 36. Rcc6 Nf4 37. Kh2 Qf5 38. Rxe6 Nxe6 39. Qd7+ Ng7 40. Rc7 Qxe5+ 0-1

[Event "New York Heraldica"]
[Site "New York"]
[Date "1980.??.??"]
[Round "6"]
[White "Ginsburg, Mark"]
[Black "Piasetski, Leon"]
[Result "0-1"]
[WhiteElo "2370"]
[BlackElo "2420"]
[PlyCount "92"]
[GameId "1114898205810688"]
[EventDate "1980.05.11"]
[EventType "tourn"]
[EventRounds "11"]
[EventCountry "USA"]
[EventCategory "8"]
[SourceTitle "EXT 2004"]
[Source "ChessBase"]
[SourceDate "2003.11.25"]
[SourceVersion "1"]
[SourceVersionDate "2003.11.25"]
[SourceQuality "1"]

1. Nf3 e6 2. c4 b6 3. Nc3 Bb7 4. d4 Bb4 5. Bg5 Bxc3+ 6. bxc3 f6 7. Bf4 f5 8. h4 Nf6 9. e3 d6 10. Bd3 Qe7 11. h5 Nbd7 12. Bg5 Qf7 13. h6 g6 14. Bh4 O-O 15. Ng5 Qe8 16. f3 e5 17. Kd2 Kh8 18. Qc2 c5 19. d5 b5 20. e4 bxc4 21. Be2 Nb6 22. Ne6 fxe4 23. Nxf8 e3+ 24. Kxe3 Nfxd5+ 25. Kf2 Qxf8 26. a4 a5 27. Bg5 Bc6 28. Rh4 Nf4 29. Qd2 Nxe2 30. Kxe2 d5 31. Kf2 Re8 32. Kg1 Nd7 33. Re1 Qf5 34. Rf4 Qd3 35. Qxd3 cxd3 36. Rf7 Rb8 37. f4 e4 38. f5 gxf5 39. Rf1 d4 40. cxd4 cxd4 41. R1xf5 e3 42. Bf4 Rg8 43. Kh2 d2 44. Bg3 d1=Q 45. Rxd7 Rxg3 46. Kxg3 Qg4+ 0-1

[Event "New York Heraldica"]
[Site "New York"]
[Date "1980.??.??"]
[Round "7"]
[White "Piasetski, Leon"]
[Black "Garcia, Luis E"]
[Result "1-0"]
[WhiteElo "2420"]
[BlackElo "2370"]
[PlyCount "102"]
[GameId "1114898205827072"]
[EventDate "1980.05.11"]
[EventType "tourn"]
[EventRounds "11"]
[EventCountry "USA"]
[EventCategory "8"]
[SourceTitle "EXT 2004"]
[Source "ChessBase"]
[SourceDate "2003.11.25"]
[SourceVersion "1"]
[SourceVersionDate "2003.11.25"]
[SourceQuality "1"]

1. c4 Nf6 2. Nc3 g6 3. e4 d6 4. d4 Bg7 5. f3 c6 6. Be3 a6 7. a4 a5 8. Bd3 Na6 9. Rc1 e5 10. Nge2 O-O 11. Qd2 exd4 12. Nxd4 Re8 13. O-O Nb4 14. Bb1 d5 15. cxd5 cxd5 16. e5 Nd7 17. Ncb5 Nxe5 18. b3 Nec6 19. Bg5 f6 20. Bf4 Nxd4 21. Qxd4 f5 22. Qd2 Be6 23. Nc7 d4 24. Rfe1 Bf7 25. Rxe8+ Bxe8 26. Nxa8 Qxa8 27. Bd3 Nxd3 28. Qxd3 Qd8 29. Re1 Bf7 30. Bd2 Qd5 31. Re7 Bf8 32. Rc7 Bc5 33. Bh6 Be8 34. Kf1 b6 35. Qe2 Bd7 36. Rc8+ Kf7 37. Rh8 Be6 38. Rxh7+ Kg8 39. Rg7+ Kh8 40. Qb5 Qxb3 41. Qe8+ Bg8 42. Ra7 Qc4+ 43. Kf2 d3+ 44. Kg3 Qe6 45. Bg7+ Kh7 46. Bf8+ Kh8 47. Bxc5 bxc5 48. Qf8 f4+ 49. Qxf4 g5 50. Qxg5 Qe1+ 51. Kg4 Qb4+ 1-0

[Event "New York Heraldica"]
[Site "New York"]
[Date "1980.05.??"]
[Round "8"]
[White "Alburt, Lev O"]
[Black "Piasetski, Leon"]
[Result "1-0"]
[WhiteElo "2515"]
[BlackElo "2420"]
[PlyCount "71"]
[GameId "1114898205839360"]
[EventDate "1980.05.11"]
[EventType "tourn"]
[EventRounds "11"]
[EventCountry "USA"]
[EventCategory "8"]
[SourceTitle "EXT 2004"]
[Source "ChessBase"]
[SourceDate "2003.11.25"]
[SourceVersion "1"]
[SourceVersionDate "2003.11.25"]
[SourceQuality "1"]

1. c4 c5 2. Nf3 Nf6 3. Nc3 e6 4. e4 Nc6 5. d4 cxd4 6. Nxd4 Qc7 7. Be2 a6 8. O-O Bb4 9. Qd3 O-O 10. Bg5 Be7 11. Bh4 Ne5 12. Qd1 d6 13. Rc1 Bd7 14. Bg3 Rfc8 15. b3 Qa5 16. f4 Nc6 17. Kh1 b5 18. e5 Ne8 19. exd6 Nxd6 20. c5 Ne8 21. f5 Nf6 22. fxe6 fxe6 23. Bf3 Nxd4 24. Bxa8 Nf5 25. Ne4 Rd8 26. Qf3 Qxa2 27. c6 Bc8 28. Bb7 Nd4 29. Nxf6+ Bxf6 30. Qe4 Qxb3 31. c7 Re8 32. Bxc8 Rxc8 33. Rxf6 gxf6 34. Qxd4 Qd5 35. Qxf6 Qd2 36. Qxe6+ 1-0

[Event "New York Heraldica"]
[Site "New York"]
[Date "1980.??.??"]
[Round "11"]
[White "La Rota, Fabio"]
[Black "Piasetski, Leon"]
[Result "0-1"]
[WhiteElo "2320"]
[BlackElo "2420"]
[PlyCount "106"]
[GameId "1114898205892608"]
[EventDate "1980.05.11"]
[EventType "tourn"]
[EventRounds "11"]
[EventCountry "USA"]
[EventCategory "8"]
[SourceTitle "EXT 2004"]
[Source "ChessBase"]
[SourceDate "2003.11.25"]
[SourceVersion "1"]
[SourceVersionDate "2003.11.25"]
[SourceQuality "1"]

1. e4 c5 2. Nc3 e6 3. g3 d5 4. Bg2 dxe4 5. Nxe4 Be7 6. Qg4 g6 7. Qe2 Nf6 8. d3 Nc6 9. Nf3 O-O 10. O-O Bd7 11. c3 Rc8 12. Be3 b6 13. Rad1 e5 14. Rfe1 Re8 15. Qc2 Nd5 16. Bc1 f6 17. Qb1 Kg7 18. Qa1 Bf5 19. b3 Bf8 20. Bb2 Qd7 21. Nh4 Bg4 22. f3 Bh3 23. Bh1 Be6 24. Ng2 Kf7 25. Rf1 Bh6 26. Bc1 Bg7 27. Ne3 Nxe3 28. Bxe3 Kg8 29. Qc1 Rcd8 30. Bh6 f5 31. Nf2 Bxh6 32. Qxh6 Qg7 33. Qc1 Ne7 34. Rfe1 Bc8 35. Qb2 Bb7 36. Qa3 Nc8 37. b4 cxb4 38. Qxb4 Ne7 39. Qb3+ Bd5 40. c4 Ba8 41. c5+ Bd5 42. Qa3 Nc6 43. cxb6 axb6 44. Qb2 Nd4 45. Qxb6 Bxf3 46. Rb1 Qd7 47. Qc5 Bxh1 48. Kxh1 Rc8 49. Qb6 Qd5+ 50. Kg1 Nf3+ 51. Kf1 Nxh2+ 52. Ke2 Rc2+ 53. Kd1 Qxa2 0-1

[Event "Northwest Chess February op"]
[Site "Seattle"]
[Date "1984.02.??"]
[Round "?"]
[White "Piasetski, Leon"]
[Black "Tomkins, Ken"]
[Result "1/2-1/2"]
[WhiteElo "2390"]
[BlackElo "2260"]
[PlyCount "78"]
[GameId "1114898529546240"]
[EventDate "1984.02.??"]
[EventType "swiss"]
[EventRounds "5"]
[EventCountry "USA"]
[SourceTitle "EXT 2004"]
[Source "ChessBase"]
[SourceDate "2003.11.25"]
[SourceVersion "1"]
[SourceVersionDate "2003.11.25"]
[SourceQuality "1"]

1. c4 c5 2. Nf3 Nc6 3. Nc3 Nf6 4. d4 cxd4 5. Nxd4 g6 6. e4 Bg7 7. Be3 Ng4 8. Qxg4 Bxd4 9. Bxd4 Nxd4 10. Qd1 e5 11. Qd2 d6 12. Ne2 Nxe2 13. Bxe2 Be6 14. O-O Qe7 15. Rfd1 Rd8 16. Qb4 O-O 17. Rd2 Rd7 18. Rad1 Rfd8 19. a4 b6 20. g3 h5 21. a5 bxa5 22. Qxa5 h4 23. Qa3 hxg3 24. hxg3 Qg5 25. Qc3 Bg4 26. Bxg4 Qxg4 27. c5 dxc5 28. Rxd7 Rxd7 29. Rxd7 Qxd7 30. Qxc5 f6 31. b4 Qd1+ 32. Kg2 Qd3 33. Qc6 a6 34. Qe8+ Kg7 35. Qe7+ Kh6 36. Qxf6 Qxe4+ 37. Kh2 Qe2 38. Qf8+ Kh7 39. Qf7+ Kh6 1/2-1/2

[Event "Northwest Chess February op"]
[Site "Seattle"]
[Date "1984.02.??"]
[Round "?"]
[White "Zuk, Robert D"]
[Black "Piasetski, Leon"]
[Result "0-1"]
[WhiteElo "2350"]
[BlackElo "2390"]
[PlyCount "100"]
[GameId "1114898529570816"]
[EventDate "1984.02.??"]
[EventType "swiss"]
[EventRounds "5"]
[EventCountry "USA"]
[SourceTitle "EXT 2004"]
[Source "ChessBase"]
[SourceDate "2003.11.25"]
[SourceVersion "1"]
[SourceVersionDate "2003.11.25"]
[SourceQuality "1"]

1. Nf3 c5 2. c4 Nf6 3. g3 b6 4. Bg2 Bb7 5. O-O g6 6. b3 Bg7 7. Bb2 O-O 8. Nc3 Na6 9. Rc1 Qb8 10. e3 d5 11. Nxd5 Nxd5 12. Bxg7 Kxg7 13. cxd5 Bxd5 14. Qe2 Qb7 15. Rfe1 Rad8 16. e4 Bc6 17. d4 cxd4 18. Rxc6 Qxc6 19. Qxa6 Qc2 20. Re2 Qd1+ 21. Re1 Qc2 22. Qe2 d3 23. Qd2 Qxd2 24. Nxd2 Rc8 25. Nc4 b5 26. Ne3 Rfd8 27. Bf1 e6 28. Rd1 Rc3 29. Rd2 a5 30. Kg2 a4 31. bxa4 bxa4 32. Kf3 f5 33. e5 g5 34. Rd1 a3 35. Rb1 Rd7 36. Kg2 f4 37. gxf4 gxf4 38. Nd1 Rc2 39. Kf3 Rxa2 40. Kxf4 Rc2 41. Ke3 d2 42. Ke2 Rc1 43. Rb3 a2 44. Rg3+ Kh8 45. Ra3 a1=Q 46. Rxa1 Rxa1 47. Bh3 Rd5 48. f4 Rd4 49. Bxe6 Re4+ 50. Kxd2 Rd4+ 0-1

[Event "New York International"]
[Site "New York"]
[Date "1984.??.??"]
[Round "1"]
[White "Piasetski, Leon"]
[Black "Lombardy, William James"]
[Result "1/2-1/2"]
[WhiteElo "2390"]
[BlackElo "2505"]
[PlyCount "64"]
[GameId "1114898538790912"]
[EventDate "1984.04.??"]
[EventType "swiss"]
[EventRounds "9"]
[EventCountry "USA"]
[SourceTitle "MCD"]
[Source "ChessBase"]
[SourceVersion "1"]
[SourceQuality "1"]

1. c4 e5 2. Nc3 Nf6 3. Nf3 d6 4. d4 Nbd7 5. Bg5 h6 6. Bxf6 Qxf6 7. e3 g6 8. Qc2 Bg7 9. O-O-O O-O 10. h4 exd4 11. exd4 Nb6 12. c5 dxc5 13. dxc5 Bf5 14. Bd3 Bxd3 15. Rxd3 Nc4 16. Rd4 Qa6 17. Re4 Rfe8 18. Rhe1 Rxe4 19. Rxe4 b5 20. cxb6 axb6 21. Qe2 b5 22. Re8+ Kh7 23. Rxa8 Qxa8 24. Qe7 Kg8 25. Qxc7 Bxc3 26. bxc3 Qa3+ 27. Kd1 Qb2 28. Qd8+ Kh7 29. Qd5 Qb1+ 30. Ke2 Qxa2+ 31. Nd2 Kg8 32. Qd8+ Kh7 1/2-1/2

[Event "New York International"]
[Site "New York"]
[Date "1984.??.??"]
[Round "2"]
[White "Sosonko, Gennadi"]
[Black "Piasetski, Leon"]
[Result "1-0"]
[WhiteElo "2560"]
[BlackElo "2390"]
[PlyCount "83"]
[GameId "1114898538930176"]
[EventDate "1984.04.??"]
[EventType "swiss"]
[EventRounds "9"]
[EventCountry "USA"]
[SourceTitle "MCD"]
[Source "ChessBase"]
[SourceVersion "1"]
[SourceQuality "1"]

1. d4 Nf6 2. c4 c5 3. d5 b5 4. a4 bxc4 5. Nc3 g6 6. e4 d6 7. Bxc4 Ba6 8. Bb5+ Bxb5 9. axb5 Bg7 10. Nf3 O-O 11. O-O Ne8 12. Qe2 Nd7 13. Bf4 Nc7 14. h4 Nb6 15. Rfd1 Qd7 16. e5 Nc8 17. Ra5 Rb8 18. g3 Qf5 19. Kg2 Rb7 20. Ra4 h6 21. Be3 Qd7 22. Ra5 Nb6 23. Bf4 Rfb8 24. Qe4 Nc8 25. e6 Qe8 26. h5 g5 27. Bxg5 fxe6 28. dxe6 Nxb5 29. Nd5 Nc7 30. Qg4 Kh8 31. Bc1 Nxd5 32. Rxd5 Rb4 33. Qf5 Rc4 34. Rd1 Rbb4 35. Ra3 Rxc1 36. Rxc1 Bxb2 37. Rcc3 Bxc3 38. Rxc3 Nb6 39. Nh4 Nc4 40. Ng6+ Kg7 41. Rf3 Rb8 42. Qg4 1-0

[Event "New York International"]
[Site "New York"]
[Date "1984.??.??"]
[Round "3"]
[White "Piasetski, Leon"]
[Black "Van Tilbury, Craig"]
[Result "1/2-1/2"]
[WhiteElo "2390"]
[BlackElo "2210"]
[PlyCount "75"]
[GameId "1114898539032576"]
[EventDate "1984.04.??"]
[EventType "swiss"]
[EventRounds "9"]
[EventCountry "USA"]
[SourceTitle "MCD"]
[Source "ChessBase"]
[SourceVersion "1"]
[SourceQuality "1"]

1. c4 Nf6 2. Nc3 e5 3. Nf3 Nc6 4. e3 Be7 5. Qc2 O-O 6. a3 d6 7. b4 a6 8. Bb2 Qe8 9. Be2 Bd8 10. d3 h6 11. Nd2 Ne7 12. Bf3 c6 13. O-O Nh7 14. Na4 Ng6 15. Bh5 Nh4 16. g3 Nf6 17. Be2 Ng6 18. Rfe1 h5 19. d4 h4 20. Rad1 Bh3 21. dxe5 Nxe5 22. Ne4 Nxe4 23. Qxe4 f5 24. Qd4 Bg4 25. Qxd6 Bxe2 26. Qxe5 Qxe5 27. Bxe5 Bxd1 28. Rxd1 Bf6 29. Bd6 Rf7 30. Nb6 Re8 31. c5 h3 32. Kf1 g5 33. Ke2 Kg7 34. Nc4 Re4 35. Nd2 Re6 36. Nc4 Re4 37. Nd2 Re6 38. Nc4 1/2-1/2

[Event "New York International"]
[Site "New York"]
[Date "1984.??.??"]
[Round "4"]
[White "Saidy, Anthony Fred"]
[Black "Piasetski, Leon"]
[Result "1-0"]
[WhiteElo "2410"]
[BlackElo "2390"]
[PlyCount "79"]
[GameId "1114898539167744"]
[EventDate "1984.04.??"]
[EventType "swiss"]
[EventRounds "9"]
[EventCountry "USA"]
[SourceTitle "MCD"]
[Source "ChessBase"]
[SourceVersion "1"]
[SourceQuality "1"]

1. d4 Nf6 2. c4 c5 3. Nf3 cxd4 4. Nxd4 e6 5. g3 Qc7 6. Nd2 Nc6 7. Nb5 Qb8 8. Bg2 b6 9. O-O Bb7 10. Ne4 Nxe4 11. Bxe4 a6 12. Nc3 Be7 13. Bf4 Qa7 14. Bd6 Bf6 15. Rc1 Na5 16. Qd3 Rc8 17. b3 Bxc3 18. Qxc3 f6 19. Bb1 Bc6 20. Rfd1 Nb7 21. Ba3 a5 22. Rd2 Nc5 23. Rcd1 O-O 24. Qe3 Rf7 25. Rd6 g6 26. Bb2 Rcf8 27. R6d4 Rg7 28. f3 Qc7 29. Kf2 Re7 30. h4 e5 31. R4d2 f5 32. h5 Re6 33. hxg6 hxg6 34. Rh1 f4 35. gxf4 Rxf4 36. Bxg6 Ne4+ 37. Bxe4 Bxe4 38. Rh8+ Kf7 39. Rh5 d6 40. Qxe4 1-0

[Event "New York International"]
[Site "New York"]
[Date "1984.??.??"]
[Round "5"]
[White "Piasetski, Leon"]
[Black "Conquest, Stuart"]
[Result "1-0"]
[WhiteElo "2390"]
[BlackElo "2260"]
[PlyCount "67"]
[GameId "1114898539290624"]
[EventDate "1984.04.??"]
[EventType "swiss"]
[EventRounds "9"]
[EventCountry "USA"]
[SourceTitle "MCD"]
[Source "ChessBase"]
[SourceVersion "1"]
[SourceQuality "1"]

1. c4 e5 2. Nc3 Nc6 3. Nf3 f5 4. d4 e4 5. Nd2 Nf6 6. e3 d6 7. b4 a6 8. b5 axb5 9. cxb5 Na5 10. Nb3 Be6 11. Nxa5 Rxa5 12. a4 g6 13. Bd2 Ra8 14. a5 Bg7 15. a6 bxa6 16. bxa6 O-O 17. Qa4 g5 18. Bb5 f4 19. Bc6 d5 20. Bxa8 Qxa8 21. a7 c5 22. Nb5 Ne8 23. Qa6 Bd7 24. Qb6 Bxb5 25. Qxb5 cxd4 26. Qb8 Nd6 27. Rb1 Qc6 28. O-O dxe3 29. fxe3 Nc4 30. Rb7 Qa6 31. Rxg7+ Kxg7 32. Bc3+ Kg8 33. Ra1 Na3 34. Bb4 1-0

[Event "New York International"]
[Site "New York"]
[Date "1984.??.??"]
[Round "9"]
[White "Chow, Albert"]
[Black "Piasetski, Leon"]
[Result "0-1"]
[WhiteElo "2305"]
[BlackElo "2390"]
[PlyCount "66"]
[GameId "1114898539708416"]
[EventDate "1984.04.??"]
[EventType "swiss"]
[EventRounds "9"]
[EventCountry "USA"]
[SourceTitle "MCD"]
[Source "ChessBase"]
[SourceVersion "1"]
[SourceQuality "1"]

1. d4 Nf6 2. c4 c5 3. d5 b5 4. cxb5 a6 5. e3 Bb7 6. Nc3 Qa5 7. Bd2 Qb6 8. bxa6 Nxa6 9. e4 e6 10. dxe6 fxe6 11. e5 Nd5 12. Bd3 Nab4 13. Bb1 c4 14. Nh3 Nd3+ 15. Bxd3 cxd3 16. O-O Nb4 17. Nf4 g6 18. b3 Nc2 19. Rb1 Qc6 20. Kh1 Bh6 21. Ncd5 exd5 22. Nxd3 d4 23. Rg1 Bxd2 24. Qxd2 Rxa2 25. Qh6 Kd8 26. Qg7 Re8 27. Rbc1 Qb5 28. Rgd1 Bc6 29. Qxh7 Re6 30. b4 Kc7 31. Qh8 g5 32. Qg7 Ne1 33. Nc5 Qf1# 0-1

[Event "Northwest Chess June op"]
[Site "Seattle"]
[Date "1984.06.??"]
[Round "?"]
[White "Conquest, Stuart"]
[Black "Piasetski, Leon"]
[Result "0-1"]
[WhiteElo "2260"]
[BlackElo "2390"]
[PlyCount "60"]
[GameId "1114898547380224"]
[EventDate "1984.06.??"]
[EventType "swiss"]
[EventRounds "5"]
[EventCountry "USA"]
[SourceTitle "EXT 2004"]
[Source "ChessBase"]
[SourceDate "2003.11.25"]
[SourceVersion "1"]
[SourceVersionDate "2003.11.25"]
[SourceQuality "1"]

1. d4 Nf6 2. c4 c5 3. d5 b5 4. cxb5 a6 5. b6 d6 6. Nc3 Nbd7 7. a4 Qxb6 8. a5 Qb8 9. e4 g6 10. f4 Bg7 11. Nf3 O-O 12. Bc4 Re8 13. O-O Nf8 14. e5 N6d7 15. e6 fxe6 16. dxe6 Nf6 17. f5 gxf5 18. Ng5 h6 19. Nf7 Bxe6 20. Bxe6 Nxe6 21. Nxh6+ Bxh6 22. Bxh6 Kh7 23. Qd2 Rg8 24. Rae1 Qb3 25. Rxf5 Rg6 26. Bf4 Rag8 27. Bg3 R8g7 28. Re3 Qc4 29. Qe1 Nd4 30. Rh5+ Nxh5 0-1

[Event "Olympiad-28"]
[Site "Thessaloniki"]
[Date "1988.11.14"]
[Round "2"]
[White "Piasetski, Leon"]
[Black "Thorsteins, Karl"]
[Result "1-0"]
[WhiteElo "2390"]
[BlackElo "2415"]
[PlyCount "71"]
[GameId "1166636387323904"]
[EventDate "1988.11.13"]
[EventType "team-swiss"]
[EventRounds "14"]
[EventCountry "GRE"]
[SourceTitle "TD"]
[Source "ChessBase"]
[SourceVersion "1"]
[SourceVersionDate "1994.03.01"]
[SourceQuality "1"]
[WhiteTeam "Canada"]
[BlackTeam "Iceland"]
[WhiteTeamCountry "CAN"]
[BlackTeamCountry "ISL"]

1. c4 Nf6 2. g3 d5 3. cxd5 Nxd5 4. Bg2 c5 5. Nc3 Nc7 6. b3 e5 7. Bb2 Be7 8. Rc1 f6 9. Nh3 Bf5 10. f4 Nc6 11. Nf2 exf4 12. gxf4 Qd7 13. a3 Rd8 14. Nce4 b6 15. b4 Nd5 16. bxc5 Nxf4 17. Bf3 Nd4 18. Bxd4 Qxd4 19. Rc3 Bxe4 20. Nxe4 bxc5 21. Qc2 f5 22. Nxc5 O-O 23. e3 Qe5 24. O-O Nh3+ 25. Kh1 Bxc5 26. Rxc5 Qe7 27. Rxf5 Rxf5 28. Qxf5 Ng5 29. Bd5+ Kh8 30. Rg1 Nh3 31. Rg3 Rf8 32. Qxh3 Qxa3 33. Be4 h6 34. Qg4 Qa1+ 35. Rg1 Qf6 36. Qg6 1-0

[Event "Olympiad-28"]
[Site "Thessaloniki"]
[Date "1988.11.19"]
[Round "6"]
[White "Piasetski, Leon"]
[Black "Sarfati, Jonathan D"]
[Result "1/2-1/2"]
[WhiteElo "2390"]
[BlackElo "2265"]
[PlyCount "62"]
[GameId "1166636390785024"]
[EventDate "1988.11.13"]
[EventType "team-swiss"]
[EventRounds "14"]
[EventCountry "GRE"]
[SourceTitle "TD"]
[Source "ChessBase"]
[SourceVersion "1"]
[SourceVersionDate "1994.03.01"]
[SourceQuality "1"]
[WhiteTeam "Canada"]
[BlackTeam "New Zealand"]
[WhiteTeamCountry "CAN"]
[BlackTeamCountry "NZL"]

1. c4 Nf6 2. g3 c6 3. Nf3 d5 4. b3 Bf5 5. Bb2 e6 6. Bg2 Nbd7 7. Na3 Bd6 8. Nc2 h6 9. d3 Qe7 10. O-O O-O 11. Re1 e5 12. Nh4 Be6 13. e4 dxe4 14. dxe4 Rad8 15. Qe2 Rfe8 16. Rad1 Bg4 17. Nf5 Bxf5 18. exf5 e4 19. f3 Bc5+ 20. Kh1 Ne5 21. Rxd8 Rxd8 22. Bxe5 Qxe5 23. fxe4 Qc3 24. Rd1 Rxd1+ 25. Qxd1 Ng4 26. Qxg4 Qxc2 27. h4 Qxa2 28. Qd1 Qf2 29. Qd8+ Kh7 30. Kh2 Bd4 31. Qe8 f6 1/2-1/2

[Event "Olympiad-28"]
[Site "Thessaloniki"]
[Date "1988.11.20"]
[Round "7"]
[White "Teo, Kok Siong"]
[Black "Piasetski, Leon"]
[Result "1-0"]
[WhiteElo "2320"]
[BlackElo "2390"]
[PlyCount "135"]
[GameId "1166636391694336"]
[EventDate "1988.11.13"]
[EventType "team-swiss"]
[EventRounds "14"]
[EventCountry "GRE"]
[SourceTitle "TD"]
[Source "ChessBase"]
[SourceVersion "1"]
[SourceVersionDate "1994.03.01"]
[SourceQuality "1"]
[WhiteTeam "Singapore"]
[BlackTeam "Canada"]
[WhiteTeamCountry "SIN"]
[BlackTeamCountry "CAN"]

1. d4 d6 2. c4 g6 3. Nc3 Bg7 4. e4 Nd7 5. Be2 e5 6. Nf3 c6 7. Be3 Nh6 8. O-O O-O 9. dxe5 dxe5 10. Ng5 Qe7 11. Qb3 Re8 12. Rad1 f6 13. Nf3 Nf7 14. a3 f5 15. Qb4 Qf6 16. exf5 gxf5 17. c5 Bf8 18. Qc4 e4 19. Ng5 Nde5 20. Qb3 Rb8 21. Bh5 Be6 22. Nxe6 Qxe6 23. Qxe6 Rxe6 24. Ne2 Nc4 25. Bf4 Ra8 26. Rd7 Re7 27. Rfd1 Nce5 28. Bxf7+ Nxf7 29. Ng3 Rxd7 30. Rxd7 Rd8 31. Rxd8 Nxd8 32. Be3 Bg7 33. b3 Bb2 34. a4 Kf7 35. Nxf5 Ke6 36. g4 Nf7 37. Kg2 Ne5 38. Kg3 Nd3 39. f3 Be5+ 40. f4 Bb2 41. Nd6 Kd5 42. g5 Bd4 43. Bxd4 Kxd4 44. Nf5+ Kc3 45. h4 Nxc5 46. h5 Ne6 47. g6 hxg6 48. hxg6 Kd3 49. Kf2 Kd2 50. Ne3 Ng7 51. Nf1+ Kd3 52. Ng3 b5 53. axb5 cxb5 54. b4 a6 55. f5 Ne8 56. Nf1 Kd4 57. Kg3 Ke5 58. Kg4 Kf6 59. Kf4 Nd6 60. Ng3 e3 61. Kxe3 a5 62. bxa5 Nc4+ 63. Kf4 Nxa5 64. Ne4+ Kg7 65. Kg5 Nc4 66. f6+ Kg8 67. Nc5 Nd6 68. Kf4 1-0

[Event "Olympiad-28"]
[Site "Thessaloniki"]
[Date "1988.11.22"]
[Round "9"]
[White "Santos, Luis M"]
[Black "Piasetski, Leon"]
[Result "0-1"]
[WhiteElo "2345"]
[BlackElo "2390"]
[PlyCount "63"]
[GameId "1166636393381888"]
[EventDate "1988.11.13"]
[EventType "team-swiss"]
[EventRounds "14"]
[EventCountry "GRE"]
[SourceTitle "TD"]
[Source "ChessBase"]
[SourceVersion "1"]
[SourceVersionDate "1994.03.01"]
[SourceQuality "1"]
[WhiteTeam "Portugal"]
[BlackTeam "Canada"]
[WhiteTeamCountry "POR"]
[BlackTeamCountry "CAN"]

1. c4 d6 2. d4 g6 3. Nf3 Bg7 4. Nc3 Nd7 5. e4 e5 6. Be2 Nh6 7. O-O O-O 8. Re1 Re8 9. Bf1 c6 10. Rb1 exd4 11. Nxd4 Nc5 12. b4 Ne6 13. Nde2 Ng4 14. h3 Ne5 15. Qb3 a5 16. a3 axb4 17. axb4 Nd3 18. Rd1 Nxc1 19. Rbxc1 Ng5 20. c5 Nxe4 21. Nxe4 Rxe4 22. cxd6 Be6 23. Qf3 Rxb4 24. Nf4 Bf5 25. Rc4 Raa4 26. Rxb4 Rxb4 27. g4 Bc2 28. Rd2 Be4 29. Qa3 c5 30. f3 Rd4 31. Rf2 Bc6 32. Ne2 0-1

[Event "Olympiad-28"]
[Site "Thessaloniki"]
[Date "1988.11.25"]
[Round "11"]
[White "Piasetski, Leon"]
[Black "Lobron, Eric"]
[Result "0-1"]
[WhiteElo "2390"]
[BlackElo "2335"]
[PlyCount "72"]
[GameId "1166636395130880"]
[EventDate "1988.11.13"]
[EventType "team-swiss"]
[EventRounds "14"]
[EventCountry "GRE"]
[SourceTitle "TD"]
[Source "ChessBase"]
[SourceVersion "1"]
[SourceVersionDate "1994.03.01"]
[SourceQuality "1"]
[WhiteTeam "Canada"]
[BlackTeam "German Fed Rep"]
[WhiteTeamCountry "CAN"]
[BlackTeamCountry "GER"]

1. c4 Nf6 2. g3 e5 3. Bg2 Be7 4. Nc3 O-O 5. Nf3 d6 6. d4 Nbd7 7. O-O c6 8. Qc2 Re8 9. Rd1 Bf8 10. Bg5 Qa5 11. dxe5 dxe5 12. Nd2 h6 13. Bxf6 Nxf6 14. Nde4 Nxe4 15. Nxe4 Be6 16. a3 Rad8 17. Nd2 Rd7 18. b4 Qc7 19. Nb3 Red8 20. Na5 Rxd1+ 21. Rxd1 Rxd1+ 22. Qxd1 c5 23. Nxb7 cxb4 24. axb4 Bxb4 25. Bd5 a5 26. Bxe6 fxe6 27. Nd8 Qd6 28. Qxd6 Bxd6 29. Nc6 a4 30. Kg2 a3 31. Na5 a2 32. Nb3 e4 33. f3 Be5 34. fxe4 Kf7 35. Kf3 a1=Q 36. Nxa1 Bxa1 0-1